Archivo consultivo de hacienda / (Record no. 189754)

MARC details
000 -LEADER
campo de control de longitud fija 00681nas a2200217 i 4500
001 - NÚMERO DE CONTROL
campo de control 189754
003 - IDENTIFICADOR DE NÚMERO DE CONTROL
campo de control ES-MaACL
005 - FECHA Y HORA DE LA ÚLTIMA TRANSACCIÓN
campo de control 20250217134931.0
008 - DATOS DE LONGITUD FIJA--INFORMACIÓN GENERAL
campo de control de longitud fija 191010d1945 sp a| | ||pa d
022 ## - NÚMERO INTERNACIONAL NORMALIZADO PARA PUBLICACIONES SERIADAS
Número Internacional Normalizado para Publicaciones Seriadas 0211-7479
245 00 - MENCIÓN DEL TÍTULO
Título Archivo consultivo de hacienda /
Mención de responsabilidad, etc. director Alberto Avilés Sanz.
260 ## - PUBLICACIÓN, DISTRIBUCIÓN, ETC.
Lugar de publicación, distribución, etc. Madrid :
Nombre del editor, distribuidor, etc. [Sigma],
Fecha de publicación, distribución, etc. 1945-
300 ## - DESCRIPCIÓN FÍSICA
Extensión 4 v. ;
Dimensiones 25 cm.
310 ## - PERIODICIDAD ACTUAL
Periodicidad actual Anual
362 0# - FECHAS DE PUBLICACIÓN Y/O DESIGNACIÓN SECUENCIAL
Fecha de publicación y/o designación secuencial 1945-
500 ## - NOTA GENERAL
Nota general 1950-1956 subtít.: anuario de legislación y jurisprudencia; a partir de 1957 subtít.: leyes y reglamentos tributarios.
600 04 - PUNTO DE ACCESO ADICIONAL DE MATERIA--NOMBRE DE PERSONA
Nombre de persona Avilés Sanz, Alberto.
9 (RLIN) 24079
852 ## - LOCALIZACIÓN
Ubicación ES-MaACL
Número de control de estantería P-958
866 #0 - MENCIÓN TEXTUAL DE FONDOS--UNIDAD BIBLIOGRÁFICA BÁSICA
Fondos 1945-1951.
Holdings
Estatus retirado Estado de pérdida Estado de daño No para préstamo Colección Biblioteca de origen Biblioteca actual Ubicación en estantería Fecha de adquisición Fuente de adquisición Total de préstamos Signatura topográfica completa Código de barras Visto por última vez Precio de reemplazo Tipo de ítem Koha
        Periódicos y Revistas Biblioteca del Ateneo de Madrid Biblioteca del Ateneo de Madrid Depósito 2 10/10/2019     P-958 1201190 23/02/2023 23/02/2023 Revista